000 00561pam a2200157a 44500
008 230515b2018 xxu||||| |||| 00| 0 eng d
020 _a1
041 _aENGLISH
082 _a613
100 _aDR.SONTAKKE SAURABH SHUKRACHARYA
245 _a“EVAULATION OF GOMUKHASANA & SHASHANKASANA IN THE MANAGEMENT OF GRUDHRASI WITH SPECIAL REFERENCE TO SCIATICA ’’
250 _a1
260 _aPUNE
_bN.D.
_c2018
300 _a500
650 _a“EVAULATION OF GOMUKHASANA & SHASHANKASANA IN THE MANAGEMENT OF GRUDHRASI WITH SPECIAL REFERENCE TO SCIATICA ’’
999 _c501403
_d501403